Phase transition approach to high temperature superconductivity : Universal properties of cuprate superconductors

This book offers an understanding from the phase transition point of view, surveys and identifies thermal and quantum fluctuation effects, identifies material-independent universal properties and provides constraints for the microscopic description of the various phenomena. The text is presented in...

সম্পূর্ণ বিবরণ

সংরক্ষণ করুন:
গ্রন্থ-পঞ্জীর বিবরন
প্রধান লেখক: Schneider, T.
বিন্যাস: গ্রন্থ
ভাষা:Undetermined
প্রকাশিত: London Imperial College Press 2000
বিষয়গুলি:
ট্যাগগুলো: ট্যাগ যুক্ত করুন
কোনো ট্যাগ নেই, প্রথমজন হিসাবে ট্যাগ করুন!
Thư viện lưu trữ: Trung tâm Học liệu Trường Đại học Cần Thơ
LEADER 01073nam a2200217Ia 4500
001 CTU_210742
008 210402s9999 xx 000 0 und d
020 |c 155.00 
082 |a 537.623 
082 |b S359 
100 |a Schneider, T. 
245 0 |a Phase transition approach to high temperature superconductivity : 
245 0 |b Universal properties of cuprate superconductors 
245 0 |c T. Schneider, J. M. Singer 
260 |a London 
260 |b Imperial College Press 
260 |c 2000 
520 |a This book offers an understanding from the phase transition point of view, surveys and identifies thermal and quantum fluctuation effects, identifies material-independent universal properties and provides constraints for the microscopic description of the various phenomena. The text is presented in a format suitable for use in a graduate level course. 
650 |a Semiconductors,Siêu dẫn nhiệt độ cao,High temperature superconductivity,Chất bán dẫn 
904 |i Qhieu 
980 |a Trung tâm Học liệu Trường Đại học Cần Thơ